000 00445nam a2200157 i 4500
001 74552
003 ES-MaACL
005 20230906172153.0
007 t|
008 040920s1973 sp ||||1| spa d
100 1 _aGonzález Lobato, Juan Antonio.
_958759
245 1 0 _aCaminando por Jesús /
_cpor Juan Antonio González Lobato.
260 _aValencia :
_bBello,
_c[1973]
300 _a243 p. ;
_c22 cm.
852 _aES-MaACL
_jC-56084
_bR.88835
999 _c74552
_d74552